| 000 | 01062nam a2200253 a 4500 | ||
|---|---|---|---|
| 001 | 000153569 | ||
| 003 | AM-YeHGA | ||
| 005 | 20250617161726.0 | ||
| 008 | 980113s1957 ||||||||||||||||||||rus d | ||
| 040 | _aAM-YeHGA | ||
| 041 | 1 |
_arus _hger |
|
| 100 | 1 |
_aМанн, Томас _d1875-1955 |
|
| 245 | 1 | 0 |
_aПризнания авантюриста Феликса Круля : _bПервая часть воспоминаний : Пер. с нем. / _cТ. Манн; Пер. с нем. Н. Ман. Под ред. и с предисл. Н.Н. Вильмонта. |
| 246 | 1 | 1 | _aBekentnisse des Hochstaplers Felix Krull. Der Memoiren erster Teil |
| 250 | _a2-е изд. | ||
| 260 |
_aМосква : _bИзд-во иностранной литературы, _c1957. |
||
| 300 |
_a374 с. ; _c21см. |
||
| 650 | 1 | 4 | _aНемецкая литература |
| 650 | 1 | 4 | _aБуржуазия в Германии |
| 650 | 1 | 4 | _aГермания, 20 в. |
| 700 | 1 |
_aМан, Н. _eпер. _4trl |
|
| 700 | 1 |
_aВильмонт, Н.Н. _eред. _4edt |
|
| 090 | _c479604 | ||
| 999 |
_c476313 _d476313 |
||